Možnosti vzniku rodinných fariem na Slovensku.
Vytvorenie podmienok na obnovenie rodinného gazdovania v novej podobe. Ťažkosti, s ktorými je spojený vznik rodinných fariem v SR. Výhody rodinných fariem oproti veľkovýrobným podnikom. Vzťahy a nadväznosti, ktoré treba riešiť v záujme funkčnosti rodinných fariem.
Saved in:
| Main Author: | |
|---|---|
| Format: | Book Chapter |
| Language: | Slovak |
| Subjects: | |
| Tags: |
No Tags, Be the first to tag this record!
|
MARC
| LEADER | 00000naa a2200000 4500 | ||
|---|---|---|---|
| 001 | r002018 | ||
| 005 | 20220909073724.9 | ||
| 041 | 0 | |a slo | |
| 044 | |a [CS] | ||
| 245 | 1 | 0 | |a Možnosti vzniku rodinných fariem na Slovensku. |c K. Žalmanová |
| 520 | |a Vytvorenie podmienok na obnovenie rodinného gazdovania v novej podobe. Ťažkosti, s ktorými je spojený vznik rodinných fariem v SR. Výhody rodinných fariem oproti veľkovýrobným podnikom. Vzťahy a nadväznosti, ktoré treba riešiť v záujme funkčnosti rodinných fariem. | ||
| 610 | 2 | 0 | |a farmy |
| 610 | 2 | 0 | |a poľnohospodárstvo |
| 610 | 2 | 0 | |a podnikanie súkromné |
| 610 | 2 | 0 | |a Slovensko |
| 100 | 1 | |a Žalmanová, K. | |